How Many Border Crossings? - Statistics

General Stats
  • This quiz has been taken 23 times
    16 since last reset
  • The average score is 8 of 20
Answer Stats
Hint Explanation Answer % Correct
Austria - Hungary Austria, Hungary 1
57%
Panama - France Panama, Colombia, Brazil, France 3
57%
Spain - Russia Spain, France, Germany, Poland, Russia (Kaliningrad) 4
50%
Norway - Greece Norway, Russia, Georgia, Turkey, Greece 4
50%
Ghana - Togo Ghana, Togo 1
43%
Afghanistan - Laos Afghanistan, China, Laos 2
43%
Argentina - Costa Rica Argentina, Brazil, Colombia, Panama, Costa Rica 4
43%
Canada - Nicaragua Canada, United States, Mexico, Guatemala, Honduras, Nicaragua 5
43%
Turkey - Malaysia Turkey, Georgia, Russia, China, Myanmar, Thailand, Malaysia 6
43%
Mali - Gabon Mali, Niger, Chad, Cameroon, Gabon 4
36%
Yemen - Djibouti Yemen, Saudi Arabia, Jordan, Israel, Egypt, Sudan, Eritrea, Djibouti 7
36%
Chile - Mexico Chile, Peru, Colombia, Panama, Costa Rica, Nicaragua, Honduras, Guatemala, Mexico 8
36%
Cambodia - Monaco Cambodia, Vietnam, China, Russia, Belarus, Poland, Germany, France, Monaco 8
36%
Botswana - Zambia Botswana, Zambia 1
29%
Angola - Cameroon Angola (Cabinda), Rep. Congo, Cameroon 2
29%
Albania - Azerbaijan Albania, Greece, Turkey, Azerbaijan (Nakhchivan) 3
29%
Senegal - Somalia Senegal, Mauritania, Mali, Niger, Chad, Sudan, Ethiopia, Somalia 6
29%
Tunisia - South Africa Tunisia, Libya, Chad, Central African Republic, D.R. Congo, Zambia, Botswana, South Africa 7
29%
Egypt - South Korea Egypt, Israel, Syria, Turkey, Georgia, Russia, North Korea, South Korea 7
29%
North Korea - Poland North Korea, Russia, Belarus, Poland 3
21%
No matching quizzes found
Score Distribution
Percent of People with Each Score
Percentile by Number Answered
Your Score History
You have not taken this quiz since the last reset